[Event "Pan American-ch U16"]
[Site "Guayaquil"]
[Date "2019.07.22"]
[Round "3"]
[White "Esmeraldas Huachi, Anderson Yahir"]
[Black "Quijano, Juan Marcos"]
[Result "1-0"]
[WhiteElo "1853"]
[BlackElo "1533"]
[PlyCount "99"]
[EventDate "2019.07.21"]
[EventType "swiss"]
[EventRounds "9"]
[EventCountry "ECU"]
[SourceTitle "EXT 2020"]
[Source "ChessBase"]
[SourceDate "2019.10.17"]
[SourceVersion "1"]
[SourceVersionDate "2019.10.17"]
[SourceQuality "1"]

1. d4 Nf6 2. c4 g6 3. Nc3 Bg7 4. e4 d6 5. Nf3 0-0 6. Be2 Nc6 7. 0-0 e5 8. d5 Nb8 9. b4 Nbd7 10. Qc2 h6 11. Na4 Nh7 12. Bd3 Ndf6 13. c5 Nxe4 14. Bxe4 f5 15. Nd2 fxe4 16. Nxe4 Bf5 17. Nac3 Nf6 18. Rd1 Qe7 19. Ba3 Nxe4 20. Nxe4 Qh4 21. Re1 Rf7 22. f3 Raf8 23. b5 Qd8 24. Qa4 Bxe4 25. Rxe4 Rf4 26. cxd6 Rxe4 27. Qxe4 cxd6 28. Qxg6 Qb6+ 29. Kh1 Qxb5 30. Qxd6 Rf6 31. Qc5 Qd3 32. Re1 Bf8 33. d6 Qxd6 34. Qc4+ Qe6 35. Qc3 Qxa2 36. Bxf8 Kxf8 37. Qxe5 Qf7 38. Qc5+ Kg8 39. Qxa7 Rxf3 40. gxf3 Qxf3+ 41. Kg1 Qg4+ 42. Kf1 Qh3+ 43. Ke2 Qg4+ 44. Kd3 Qf5+ 45. Re4 Qf1+ 46. Kd2 Qg2+ 47. Re2 Qd5+ 48. Kc3 Qc6+ 49. Kb4 b6 50. Qa2+ 1-0